| 000 | 00341nam a2200133Ia 4500 | ||
|---|---|---|---|
| 008 | 240624s9999 xx 000 0 und d | ||
| 041 | _aeng | ||
| 082 | _a891.43 SHA | ||
| 100 | _aSHARMA ROBIN | ||
| 245 | _aKOUN ROYEGA AAPKI MRITYU PAR | ||
| 260 |
_c2015 _aNew Delhi _bJaico Books |
||
| 300 | _axxiv, : 246 : p. : cm. ; 18 | ||
| 365 |
_cRS _b25 |
||
| 999 |
_c27649 _d27649 |
||